00691nam a2200205Ia 4500003000900000008004100009040001600050080001700066100002900083245008700112260003900199300001400238490003300252650001900285650002200304650001900326942000700345999001500352952011800367IN-BaIIA211028s9999 xx 000 0 eng d cIIA Library a530.145bKUR aKursunoglu, Behram94344 0aModern quantum theorycBehram Kursunoglu  aSan FranciscobW. H. Freemanc1962 axv, 518p. aA series of books in physics aNASA thesaurus aQuantum mechanics aQuantum theory cBK c2432d2432 00104070aBANbBANcGENd1965-05-25g70.00l0o530.145/ KURp2718r2021-11-05v70.00w1965-05-25yBKGRs. 70.00